000
00279nam a22001217a 4500
008
171004b xxu||||| |||| 00| 0 eng d
041
_a
eng
080
_a
159.9
100
_a
48
101
_a
[SI
245
_a
INKLOB PERCEPTION AND PERSONALITY
_c
SWARTZ,J,D
942
_2
udc
_c
BK
999
_c
31733
_d
31733